[Event "NOR-ch Elite 2019"]
[Site "Larvik"]
[Date "2019.07.13"]
[Round "9.10"]
[White "Ingebretsen, Jens E"]
[Black "Haug, Johannes"]
[Result "1-0"]
[WhiteElo "2276"]
[BlackElo "2431"]
[Annotator "TA"]
[PlyCount "79"]
[EventDate "2019.07.05"]
[EventType "swiss"]
[EventCountry "NOR"]
[SourceTitle "playchess.com"]
[Source "ChessBase"]
[SourceQuality "1"]

{[%evp 11,79,10,13,0,0,-12,0,0,0,4,11,0,0,0,2,-8,6,2,33,35,42,39,46,54,48,45,59,45,60,51,58,54,75,74,72,83,89,92,122,115,116,113,120,125,185,181,279,281,414,405,352,165,206,199,193,220,206,233,215,188,29969,29969,29967,29969,29969,29970,5905,11707,4686,4133]} 1. b3 Nf6 2. Bb2 b6 3. g3 Bb7 4. Nf3 c5 5. Bg2 g6 6. O-O Bg7 7. d3 {A04: Unusual lines after 1 Nf3 and King's Indian Attack} (7. c4 O-O 8. d3 d5 9. cxd5 Qxd5 10. Nc3 Qd7 11. d4 cxd4 12. Qxd4 Qxd4 13. Nxd4 Bxg2 14. Kxg2 Rc8 15. Rfd1 Nc6 16. Nxc6 Rxc6 {½-½ (36) Kamsky,G (2676)-Moussard,J (2567) Bastia 2017}) 7... d5 8. Nbd2 O-O 9. e3 {The position is equal.} Nc6 10. Ne5 Qc7 11. Nxc6 Bxc6 12. f4 Rad8 $146 ({Predecessor:} 12... e6 13. a4 a6 {½-½ (41) Sroubova,L (1867)-Marikova,J (1860) Kouty nad Desnou 2011}) 13. Be5 Qb7 14. Qe2 d4 {With the idea ...Bxg2.} 15. Bxc6 Qxc6 16. e4 Bh6 17. Bxf6 exf6 18. h4 Rfe8 19. Qg2 b5 20. g4 Bf8 21. Rf2 c4 22. bxc4 Bb4 23. Raf1 Bxd2 24. cxb5 Qxc2 {Threatens to win with ...Be3.} 25. Rxd2 Qc5 26. f5 Rd6 27. a4 Rc8 (27... a6 $16 {keeps fighting.}) 28. Rdf2 $18 Qe5 (28... a6 {was called for.}) 29. g5 Rc3 (29... fxg5 {might work better.} 30. fxg6 (30. Qxg5 Rf6 $16) (30. hxg5 Rc5 $16) 30... fxg6) 30. Rf3 $1 fxg5 31. hxg5 (31. fxg6 $142 hxg6 32. Rxf7 (32. Qxg5 Qxg5+ 33. hxg5 Rd7 $16) 32... gxh4 33. Qg4 $1 {[%mdl 512]} (33. Rxa7 Rxd3 34. Rf5 Qg3 $11) 33... Qg3+ 34. Qxg3 hxg3 35. Rxa7) 31... a6 32. fxg6 Rxg6 33. Rf5 (33. Rxf7 Rxg5 34. R7f2 (34. Rf8+ Kg7 $17) 34... Kh8 $19) 33... Qe7 34. bxa6 {[%cal Bb5a6,Ba6a7][%mdl 32]} Rc5 {[#]} 35. e5 $1 ({Inferior is} 35. Rxf7 Rcxg5 36. Rxe7 Rxg2+ 37. Kh1 R2g5 $11) 35... Ra5 $2 (35... Rc7 $18 36. Rb1 Kg7) 36. Qa8+ Qf8 37. Qxf8+ Kxf8 38. Rxf7+ {[%mdl 64] Double Attack} Ke8 39. a7 Rxg5+ 40. Kh2 {Accuracy: White = 71%, Black = 22%.} 1-0

[Event "NOR-ch Elite 2019"]
[Site "Larvik"]
[Date "2019.07.13"]
[Round "9.11"]
[White "Altarbosh, Ward"]
[Black "Tryggestad, Andreas Garberg"]
[Result "0-1"]
[WhiteElo "2202"]
[BlackElo "2336"]
[Annotator "ChessBase"]
[PlyCount "74"]
[EventDate "2019.07.05"]
[EventType "swiss"]
[EventCountry "NOR"]
[SourceTitle "playchess.com"]
[Source "ChessBase"]
[SourceQuality "1"]
[TimeControl "40/5400+30:1800+30"]

1. e4 {[%emt 0:00:00]} c5 {[%emt 0:02:24]} 2. Nf3 {[%emt 0:00:00]} e6 {[%emt 0:00:01]} 3. d4 {[%emt 0:00:10]} cxd4 {[%emt 0:00:05]} 4. Nxd4 {[%emt 0:00:06]} Nc6 {[%emt 0:00:04]} 5. Nc3 {[%emt 0:00:15]} Qc7 {[%emt 0:00:05]} 6. Be3 {[%emt 0:00:14]} Nf6 {[%emt 0:00:07]} 7. f4 {[%emt 0:00:19]} Bb4 {[%emt 0:00:23]} 8. Ndb5 {[%emt 0:11:19]} Qa5 {[%emt 0:00:34]} 9. e5 {[%emt 0:00:12]} Nd5 {[%emt 0:00:04]} 10. Bd2 {[%emt 0:00:13]} Nxc3 {[%emt 0:00:06]} 11. Nxc3 {[%emt 0:00:42]} d5 {[%emt 0:00:06]} 12. exd6 {[%emt 0:01:22]} Bxd6 {[%emt 0:00:03]} 13. Ne4 {[%emt 0:00:47]} Bb4 {[%emt 0:00:08]} 14. Nd6+ {[%emt 0:00:51]} Ke7 {[%emt 0:00:35]} 15. Nc4 {[%emt 0:00:09]} Bxd2+ {[%emt 0:00:13]} 16. Nxd2 {[%emt 0:00:06]} Qb4 {[%emt 0:02:31]} 17. Qg4 {[%emt 0:00:06]} Qxb2 {[%emt 0:03:30]} 18. Rb1 {[%emt 0:00:04]} Qxc2 {[%emt 0:10:47]} 19. Qg5+ {[%emt 0:03:23]} Kf8 {[%emt 0:02:29]} 20. Bc4 {[%emt 0:20:24]} b6 {[%emt 0:08:31]} 21. Rd1 {[%emt 0:05:10]} Qg6 {[%emt 0:02:02]} 22. Qb5 {[%emt 0:06:14]} Qxg2 {[%emt 0:04:11]} 23. Rf1 {[%emt 0:00:17]} Bb7 {[%emt 0:00:38]} 24. Nf3 {[%emt 0:01:33]} Qc2 {[%emt 0:08:02]} 25. Ng5 {[%emt 0:35:27]} Ke7 {[%emt 0:20:27]} 26. Rd2 {[%emt 0:04:36]} Qc3 {[%emt 0:01:49]} 27. Rf3 {[%emt 0:03:13]} Qb4 {[%emt 0:03:23]} 28. Nxf7 {[%emt 0:02:02]} Qxb5 {[%emt 0:04:25]} 29. Bxb5 {[%emt 0:00:06]} Kxf7 {[%emt 0:00:02]} 30. Rd7+ {[%emt 0:00:06]} Kf6 {[%emt 0:01:23]} 31. Rg3 {[%emt 0:00:05]} Bc8 {[%emt 0:02:05]} 32. Rc7 {[%emt 0:01:05]} Ne7 {[%emt 0:00:28]} 33. Bd3 {[%emt 0:00:19]} Rb8 {[%emt 0:01:07]} 34. Be4 {[%emt 0:00:11]} Rd8 {[%emt 0:00:26]} 35. Rxa7 {[%emt 0:00:13]} Rd7 {[%emt 0:00:19]} 36. Ra4 {[%emt 0:00:06]} Bb7 {[%emt 0:02:21]} 37. Ra7 {[%emt 0:00:51]} Nc8 {[%emt 0:00:09]} 0-1

[Event "NOR-ch Elite 2019"]
[Site "Larvik"]
[Date "2019.07.13"]
[Round "9.12"]
[White "Andersen, Alf Roger"]
[Black "Vitenberg, Noam Aviv"]
[Result "0-1"]
[WhiteElo "2149"]
[BlackElo "2300"]
[Annotator "ChessBase"]
[PlyCount "126"]
[EventDate "2019.07.05"]
[EventType "swiss"]
[EventCountry "NOR"]
[SourceTitle "playchess.com"]
[Source "ChessBase"]
[SourceQuality "1"]
[TimeControl "40/5400+30:1800+30"]

1. e4 {[%emt 0:00:00]} c6 {[%emt 0:00:00]} 2. d4 {[%emt 0:00:04]} d5 {[%emt 0:00:00]} 3. Nc3 {[%emt 0:00:48]} dxe4 {[%emt 0:00:00]} 4. Nxe4 {[%emt 0:00:05]} Bf5 {[%emt 0:00:00]} 5. Ng3 {[%emt 0:00:08]} Bg6 {[%emt 0:00:01]} 6. Bc4 {[%emt 0:00:14]} e6 {[%emt 0:00:07]} 7. N1e2 {[%emt 0:00:22]} Bd6 {[%emt 0:00:10]} 8. O-O {[%emt 0:00:26]} Qc7 {[%emt 0:00:12]} 9. f4 {[%emt 0:01:34]} Ne7 {[%emt 0:00:06]} 10. Kh1 {[%emt 0:02:13]} Nd7 {[%emt 0:04:24]} 11. Bd3 {[%emt 0:06:21]} O-O-O {[%emt 0:07:31]} 12. c4 {[%emt 0:02:18]} c5 {[%emt 0:13:41]} 13. Be3 {[%emt 0:06:47]} Nf6 {[%emt 0:04:46]} 14. Rc1 {[%emt 0:20:14]} Kb8 {[%emt 0:06:02]} 15. f5 {[%emt 0:10:24]} Ng4 {[%emt 0:05:30]} 16. Bg1 {[%emt 0:07:07]} exf5 {[%emt 0:07:57]} 17. d5 {[%emt 0:09:00]} h5 {[%emt 0:02:37]} 18. b4 {[%emt 0:08:14]} cxb4 {[%emt 0:12:29]} 19. Nd4 {[%emt 0:00:38]} Bc5 {[%emt 0:05:25]} 20. Bxf5 {[%emt 0:04:00]} Nxf5 {[%emt 0:03:00]} 21. Ngxf5 {[%emt 0:00:32]} Bxf5 {[%emt 0:02:06]} 22. Rxf5 {[%emt 0:00:13]} a6 {[%emt 0:00:44]} 23. Qd2 {[%emt 0:06:06]} g6 {[%emt 0:01:51]} 24. Rf3 {[%emt 0:02:12]} Ka8 {[%emt 0:01:20]} 25. h3 {[%emt 0:03:15]} Rde8 {[%emt 0:01:55]} 26. Rb3 {[%emt 0:01:28]} Re4 {[%emt 0:01:26]} 27. Nf3 {[%emt 0:04:10]} Bxg1 {[%emt 0:04:59]} 28. Kxg1 {[%emt 0:01:40]} Qc5+ {[%emt 0:00:40]} 29. Kh1 {[%emt 0:01:22]} a5 {[%emt 0:09:06]} 30. hxg4 {[%emt 0:02:14]} hxg4+ {[%emt 0:00:13]} 31. Nh2 {[%emt 0:00:06]} Rxc4 {[%emt 0:00:20]} 32. Rxc4 {[%emt 0:01:07]} Qxc4 {[%emt 0:00:08]} 33. Kg1 {[%emt 0:00:32]} Rh5 {[%emt 0:02:03]} 34. Nf1 {[%emt 0:00:34]} Rxd5 {[%emt 0:01:06]} 35. Qf2 {[%emt 0:00:28]} Rf5 {[%emt 0:01:44]} 36. Qe1 {[%emt 0:00:11]} Qd4+ {[%emt 0:01:22]} 37. Ne3 {[%emt 0:00:50]} Re5 {[%emt 0:01:04]} 38. Qe2 {[%emt 0:00:24]} f5 {[%emt 0:02:12]} 39. Rd3 {[%emt 0:00:27]} Qa1+ {[%emt 0:00:19]} 40. Kh2 {[%emt 0:00:41]} f4 {[%emt 0:00:42]} 41. Qd1 {[%emt 0:03:24]} Qxd1 {[%emt 0:07:18]} 42. Nxd1 {[%emt 0:00:31]} Re2 {[%emt 0:02:45]} 43. a3 {[%emt 0:01:40]} bxa3 {[%emt 0:03:38]} 44. Rxa3 {[%emt 0:00:09]} b6 {[%emt 0:00:08]} 45. Ra4 {[%emt 0:03:37]} g5 {[%emt 0:03:31]} 46. Nc3 {[%emt 0:01:34]} Re5 {[%emt 0:04:44]} 47. g3 {[%emt 0:04:00]} Rc5 {[%emt 0:05:03]} 48. Ne4 {[%emt 0:05:32]} Rc2+ {[%emt 0:01:51]} 49. Kg1 {[%emt 0:00:14]} Rc1+ {[%emt 0:01:15]} 50. Kf2 {[%emt 0:01:47]} Rc2+ {[%emt 0:00:43]} 51. Kf1 {[%emt 0:00:55]} Kb7 {[%emt 0:01:03]} 52. Nxg5 {[%emt 0:04:28]} fxg3 {[%emt 0:00:13]} 53. Rxg4 {[%emt 0:00:05]} g2+ {[%emt 0:00:10]} 54. Rxg2 {[%emt 0:01:33]} Rxg2 {[%emt 0:00:20]} 55. Kxg2 {[%emt 0:00:01]} a4 {[%emt 0:00:21]} 56. Ne4 {[%emt 0:00:27]} a3 {[%emt 0:00:11]} 57. Nc3 {[%emt 0:02:41]} b5 {[%emt 0:01:29]} 58. Na2 {[%emt 0:01:39]} Kc6 {[%emt 0:01:49]} 59. Kf3 {[%emt 0:00:08]} Kc5 {[%emt 0:00:09]} 60. Ke3 {[%emt 0:03:45]} b4 {[%emt 0:01:23]} 61. Kd2 {[%emt 0:00:56]} b3 {[%emt 0:00:18]} 62. Nc1 {[%emt 0:01:35]} Kc4 {[%emt 0:00:20]} 63. Nd3 {[%emt 0:00:48]} a2 {[%emt 0:00:21]} 0-1